Fatores condicionantes do desenvolvimento de relacionamentos intercooperativos no cooperativismo agropecuário /
Guardado en:
| Autor Principal: | |
|---|---|
| Otros Autores: | |
| Formato: | Libro |
| Idioma: | Portuguese |
| Publicado: |
Porto Alegre :
Editora Sescoop/RS,
2009.
|
| Materias: | |
| Etiquetas: |
Agregar Etiqueta
Sin Etiquetas, Sea el primero en etiquetar este registro!
|
| LEADER | 00882nam a22002175a 4500 | ||
|---|---|---|---|
| 001 | EAD.ead003147 | ||
| 008 | 120417s2009####bl#a#####b####000#0#por#d | ||
| 005 | 20120424143537.0 | ||
| 245 | 1 | 0 | |a Fatores condicionantes do desenvolvimento de relacionamentos intercooperativos no cooperativismo agropecuário / |c Adriano Lago, Tania Nunes da Silva. |
| 260 | |a Porto Alegre : |b Editora Sescoop/RS, |c 2009. | ||
| 300 | |a 206 p. : |b il. ; |c 23 cm. | ||
| 504 | |a Incluye referencias bibliográficas (p. 191-200). | ||
| 020 | |a 9788563500021 | ||
| 100 | 1 | |a Lago, Adriano. | |
| 700 | 1 | |a Silva, Tania Nunes da. | |
| 082 | 0 | 4 | |a 334.683 |2 21 |
| 650 | 7 | |a Cooperativas agrícolas. |2 unbist | |
| 650 | 7 | |a Cooperativismo. |2 isoc | |
| 653 | |a Intercooperación | ||
| 859 | |a AR-BaBDC |b BIB. ADMINISTRACION - Libros |h 334.683 |i L137 |p b06453 | ||
| 859 | |a AR-BaBDC |b BIB. ADMINISTRACION - Libros |h 334.683 |i L137 |p b06454 |t Ej.2 |v Ej.2 | ||
